• 首页
  • 本馆介绍
  • 公告通知
  • 最新文献
  • 馆藏检索
  • 电子资源
  • 读者导购
  • 参考咨询
  • 我的图书馆
  • 登录
  • 详细信息显示
  • 放入我的书架
  • 预约/预借图书
  • 作者相关作品
  • 分类相关作品
  • 丛书相关作品
  • 出版社相关作品

书目信息

  • 表格格式
  • 工作单格式
  • 卡片格式
题名:
朱光潜美学文集
    
 
作者: 朱光潜 著
分册: 第四卷  
出版信息: 上海   上海文艺出版社  1984
页数: 792页
开本: 20cm
丛书名:
单 册:
中图分类: B83-53
科图分类:
主题词: 美学--文集
电子资源:
ISBN:
000 00625nam0 2200229 45
001 0184016992
005 20050601101154.0
010    @dCNY2.85
091    @a10078.3502
100    @a19951006d1984 kemy0chiy0121 ea
101 0  @achi
102    @aCN@b310000
105    @ay z 000yy
200 10 @a朱光潜美学文集@Azhu guang qian mei xue wen ji@h第四卷@f朱光潜著@FZhu Guang Qian Zhu
210    @a上海@c上海文艺出版社@d1984
215    @a792页@d20cm
606    @a美学@x文集
690    @aB83-53@v3
701  0 @a朱光潜@4著
801  0 @aCN@b深圳图书馆@c20031217
801  2 @aCN@bNLC@c20031217
905    @dB83-53@e18:4@f1@b128544
    
    朱光潜美学文集.第四卷/朱光潜著.-上海:上海文艺出版社,1984
    792页;20cm
    
    
    ISBN :CNY2.85
    
●
相关链接 在E读中查询图书 在五车中查询图书 在当当中查询图书 在豆瓣中查询图书


正题名:朱光潜美学文集     索取号:B83-53/18:4         预约/预借

序号 登录号 条形码 馆藏地/架位号 状态 备注
1 0128542   000512163   密集书库/ [索取号:B83-53/18:4] 在馆    
2 0128543   001661213   密集书库/ [索取号:B83-53/18:4] 在馆    
3 0128544   000521331   第一样本阅览室/ [索取号:B83-53/18:4] 在馆    
唐山师范学院图书馆 欢迎您!
大连网信软件有限公司© 版权所有